000 00827nam a22002297a 4500
005 20180424102728.0
010 _aB-691525-526
020 _c1195.00
_a9789327270020
035 _aB-691525-526
037 _bR.K.Books
082 _a363.34091724
100 _aPanwar, Mohan Singh
245 _aGeo-hazards challenges and solutions/
_cby Mohan Singh Panwar...[et all]
260 _aNew Delhi
_bResearch India Press
_c2014
270 _aE-6/34, Sangam Vihar
_bNew Delhi
_e110062
300 _a369p.
_c21cm.(Hb).
700 _aNegi, R.S.
700 _aParmar, Manoj Kumar
700 _aB.K.,Deviram
942 _2ddc
_cEN
_mPAN
_h363.34091724
999 _c151707
_d151707